| 000 | 00366 a2200169 4500 | ||
|---|---|---|---|
| 001 | 192215 | ||
| 020 | _a85-262-3198-7 | ||
| 040 | _cMagnum | ||
| 100 | _aAndrade, Telma Guimarães Castro | ||
| 240 | 1 | 0 |
_aAgenda poética _lpor |
| 245 | 1 | 0 | _aAgenda poética |
| 300 | _a79 | ||
| 362 | 0 | _a1997 | |
| 440 | 1 | _aScipione | |
| 697 | _aLITERATURA JUVENIL | ||
| 942 | _cBK | ||
| 999 |
_c192215 _d192215 |
||